[Event "Amsterdam Chess Tournament 2005"]
[Site "Amsterdam NED"]
[Date "2005.07.22"]
[Round "7.31"]
[White "Gullaksen, Eirik T"]
[Black "Monteban, Martijn"]
[Result "1-0"]
[WhiteElo "2382"]
[BlackElo "2260"]
[PlyCount "111"]
[EventDate "2005.07.16"]
[EventType "tourn"]
[EventRounds "9"]
[EventCountry "NED"]
[Source "lmi"]
[SourceDate "2005.07.25"]

1. e4 e5 2. Nf3 Nf6 3. Nxe5 d6 4. Nf3 Nxe4 5. Bd3 Nf6 6. h3 Be7 7. O-O O-O 8.
c3 Re8 9. Bc2 b6 10. d4 Bb7 11. Nbd2 Bf8 12. Re1 h6 13. Nf1 Rxe1 14. Nxe1 Qe8
15. Ng3 Nbd7 16. Bf4 g6 17. Qd3 Bg7 18. Nf3 Nf8 19. h4 Ne6 20. Bd2 h5 21. Ng5
Qc6 22. f3 Nf8 23. Bb3 d5 24. Bf4 N6h7 25. Nxh7 Nxh7 26. Bc2 Qf6 27. Bxc7 Rc8
28. Be5 Qxh4 29. Bxg7 Kxg7 30. Kf2 Nf8 31. Re1 Qf6 32. Qe3 Ne6 33. Qe5 Qxe5 34.
Rxe5 Nxd4 35. Re7 Nxc2 36. Rxb7 d4 37. Ne4 dxc3 38. bxc3 Ra8 39. Nd6 Kf6 40.
Nxf7 Ke6 41. Ng5+ Kf5 42. Ne4 Na3 43. Rc7 Ke5 44. Ke3 b5 45. Rc5+ Ke6 46. Rc6+
Kf7 47. Kf4 a5 48. Rf6+ Ke7 49. Rxg6 b4 50. Rh6 Nb1 51. Rxh5 bxc3 52. Rc5 Rg8
53. g4 Rf8+ 54. Ke3 Nd2 55. Nxd2 cxd2 56. Rd5 1-0

[Event "Amsterdam Chess Tournament 2005"]
[Site "Amsterdam NED"]
[Date "2005.07.22"]
[Round "7.32"]
[White "Ruijgrok, Dennis"]
[Black "Koster, Ramon"]
[Result "1/2-1/2"]
[WhiteElo "2249"]
[BlackElo "2335"]
[PlyCount "81"]
[EventDate "2005.07.16"]
[EventType "tourn"]
[EventRounds "9"]
[EventCountry "NED"]
[Source "lmi"]
[SourceDate "2005.07.25"]

1. e4 c5 2. Nf3 d6 3. d4 cxd4 4. Nxd4 Nf6 5. Nc3 Nc6 6. Bg5 e6 7. Qd2 Be7 8.
O-O-O h6 9. Bxf6 Bxf6 10. Ndb5 O-O 11. Bc4 a6 12. Nxd6 b5 13. Bb3 Nd4 14. Nxc8
Rxc8 15. Kb1 a5 16. Ne2 Nxe2 17. Qxe2 Qb6 18. e5 Be7 19. c3 a4 20. Bc2 b4 21.
cxb4 Qxb4 22. Qe4 Qxe4 23. Bxe4 Rc5 24. Rhe1 Rb8 25. Re2 a3 26. b3 g5 27. g3 g4
28. Rd4 h5 29. Bd3 Bf8 30. Bc4 Bg7 31. Rde4 Rc7 32. Kc2 Rd7 33. h3 gxh3 34. Rh4
Bf8 35. Rd2 Rxd2+ 36. Kxd2 Bb4+ 37. Ke2 Rd8 38. Bd3 Be1 39. Rxh5 Bxf2 40. Rxh3
Bd4 41. Rh5 1/2-1/2

[Event "Amsterdam Chess Tournament 2005"]
[Site "Amsterdam NED"]
[Date "2005.07.22"]
[Round "7.33"]
[White "Wong, Zi Jing"]
[Black "Hartoch, Robert"]
[Result "1/2-1/2"]
[WhiteElo "2330"]
[BlackElo "2272"]
[PlyCount "62"]
[EventDate "2005.07.16"]
[EventType "tourn"]
[EventRounds "9"]
[EventCountry "NED"]
[Source "lmi"]
[SourceDate "2005.07.25"]

1. e4 g6 2. d4 Bg7 3. Nc3 c6 4. f4 d5 5. e5 Nh6 6. Nf3 f6 7. Bd3 Bg4 8. h3 Bxf3
9. Qxf3 fxe5 10. fxe5 Rf8 11. Qg3 Nf5 12. Bxf5 Rxf5 13. Bg5 Na6 14. O-O-O Nc7
15. Rhf1 Qd7 16. Qh4 O-O-O 17. Bxe7 Re8 18. Bd6 h5 19. g4 Bh6+ 20. Kb1 Bg5 21.
Qg3 hxg4 22. Bxc7 Kxc7 23. Qxg4 Rxf1 24. Rxf1 Qxg4 25. hxg4 Rh8 26. Rf7+ Kd8
27. a3 Be7 28. Rf1 Rh2 29. Nd1 Rg2 30. Nf2 Bh4 31. Nd3 Be7 1/2-1/2

[Event "Amsterdam Chess Tournament 2005"]
[Site "Amsterdam NED"]
[Date "2005.07.22"]
[Round "7.35"]
[White "Van den Berg, Ad M.J"]
[Black "Burg, Twan"]
[Result "0-1"]
[WhiteElo "2298"]
[BlackElo "2218"]
[PlyCount "76"]
[EventDate "2005.07.16"]
[EventType "tourn"]
[EventRounds "9"]
[EventCountry "NED"]
[Source "lmi"]
[SourceDate "2005.07.25"]

1. c4 Nf6 2. Nc3 g6 3. e4 d6 4. d4 Bg7 5. Nf3 O-O 6. Be3 e5 7. dxe5 dxe5 8.
Qxd8 Rxd8 9. Nd5 Nxd5 10. cxd5 c6 11. Bc4 b5 12. Bb3 Bb7 13. Rc1 h6 14. O-O a5
15. a3 a4 16. Ba2 Ra6 17. Rfd1 Nd7 18. h4 Kf8 19. dxc6 Rxc6 20. h5 Rxc1 21.
Rxc1 Bxe4 22. Rc7 Ke7 23. Bc5+ Ke8 24. Bb4 Bf8 25. hxg6 fxg6 26. Bxf8 Kxf8 27.
Be6 Ke7 28. Bh3 Bxf3 29. gxf3 Kd6 30. Ra7 Kc6 31. Kf1 Nc5 32. f4 exf4 33. Bg2+
Kb6 34. Rf7 Rd6 35. Rxf4 Nd3 36. Rf7 Nxb2 37. Rb7+ Ka6 38. Rh7 g5 0-1

[Event "Amsterdam Chess Tournament 2005"]
[Site "Amsterdam NED"]
[Date "2005.07.22"]
[Round "7.36"]
[White "Vogel, Jaap"]
[Black "Bachofner, Andreas"]
[Result "1/2-1/2"]
[WhiteElo "2291"]
[BlackElo "2177"]
[PlyCount "39"]
[EventDate "2005.07.16"]
[EventType "tourn"]
[EventRounds "9"]
[EventCountry "NED"]
[Source "lmi"]
[SourceDate "2005.07.25"]

1. d4 e6 2. e4 d5 3. Nc3 dxe4 4. Nxe4 Bd7 5. Bd3 Bc6 6. Nf3 Nd7 7. O-O Ngf6 8.
Ng3 Be7 9. Re1 Bxf3 10. Qxf3 c6 11. a3 a5 12. b3 O-O 13. Bb2 Re8 14. c4 Nf8 15.
Bc2 Qc7 16. h4 Rad8 17. h5 h6 18. Rad1 Rd7 19. Re2 Red8 20. Rde1 1/2-1/2

[Event "Amsterdam Chess Tournament 2005"]
[Site "Amsterdam NED"]
[Date "2005.07.22"]
[Round "7.37"]
[White "Van der Elburg, Freddie"]
[Black "Giddins, Stephen"]
[Result "1-0"]
[WhiteElo "2290"]
[BlackElo "2204"]
[PlyCount "37"]
[EventDate "2005.07.16"]
[EventType "tourn"]
[EventRounds "9"]
[EventCountry "NED"]
[Source "lmi"]
[SourceDate "2005.07.25"]

1. c4 Nf6 2. g3 c6 3. Nf3 d5 4. b3 dxc4 5. bxc4 e5 6. Qc2 Bc5 7. e3 Nbd7 8. Bb2
Qe7 9. Bg2 O-O 10. O-O Re8 11. d4 Bd6 12. Nbd2 Ba3 13. Bxa3 Qxa3 14. c5 exd4
15. exd4 Nf8 16. Nc4 Qa6 17. Rfb1 Rb8 18. Bf1 Re7 19. Nce5 1-0

[Event "Amsterdam Chess Tournament 2005"]
[Site "Amsterdam NED"]
[Date "2005.07.22"]
[Round "7.38"]
[White "Wempe, Joost"]
[Black "Al Sayed, Mohamad N"]
[Result "0-1"]
[WhiteElo "2228"]
[BlackElo "2478"]
[PlyCount "48"]
[EventDate "2005.07.16"]
[EventType "tourn"]
[EventRounds "9"]
[EventCountry "NED"]
[Source "lmi"]
[SourceDate "2005.07.25"]

1. e4 c5 2. c3 d5 3. exd5 Qxd5 4. d4 Nc6 5. Nf3 Bg4 6. dxc5 Qxd1+ 7. Kxd1 e5 8.
b4 Nf6 9. Kc2 Be7 10. Bb5 Bxf3 11. gxf3 O-O 12. Re1 Nd5 13. a3 Rfd8 14. Nd2 a5
15. Bxc6 bxc6 16. Nb3 axb4 17. cxb4 f6 18. Bb2 Ra6 19. Rad1 Rb8 20. Nd2 Ra4 21.
Kb3 Nxb4 22. Kxa4 Nd3 23. Nc4 Nxc5+ 24. Ka5 Rb5# 0-1

[Event "Amsterdam Chess Tournament 2005"]
[Site "Amsterdam NED"]
[Date "2005.07.22"]
[Round "7.39"]
[White "Afek, Yochanan"]
[Black "Markus, John Raymond"]
[Result "1-0"]
[WhiteElo "2389"]
[BlackElo "2227"]
[PlyCount "67"]
[EventDate "2005.07.16"]
[EventType "tourn"]
[EventRounds "9"]
[EventCountry "NED"]
[Source "lmi"]
[SourceDate "2005.07.25"]

1. c4 c5 2. g3 e6 3. Bg2 Nf6 4. Nf3 Nc6 5. O-O d5 6. cxd5 exd5 7. d4 Be7 8. Nc3
O-O 9. dxc5 Bxc5 10. Bf4 a6 11. Rc1 Ba7 12. Qb3 h6 13. Rfd1 Na5 14. Qb4 Nc6 15.
Qb3 Na5 16. Qc2 Be6 17. Nd4 Rc8 18. e4 Nc6 19. Nxe6 fxe6 20. exd5 Nd4 21. Qg6
Rxc3 22. Rxc3 Ne2+ 23. Kh1 Nxc3 24. bxc3 exd5 25. Bxh6 Qd7 26. Bh3 Qe7 27. Bf5
Bxf2 28. Rf1 Ba7 29. g4 d4 30. g5 b5 31. gxf6 Rxf6 32. Qh7+ Kf7 33. Bg6+ Ke6
34. Re1+ 1-0

[Event "Amsterdam Chess Tournament 2005"]
[Site "Amsterdam NED"]
[Date "2005.07.22"]
[Round "7.40"]
[White "Van Eekhout, David"]
[Black "Martyn, Rafe"]
[Result "1/2-1/2"]
[WhiteElo "2240"]
[BlackElo "2340"]
[PlyCount "136"]
[EventDate "2005.07.16"]
[EventType "tourn"]
[EventRounds "9"]
[EventCountry "NED"]
[Source "lmi"]
[SourceDate "2005.07.25"]

1. e4 c6 2. d4 d5 3. exd5 cxd5 4. c4 Nf6 5. Nc3 Nc6 6. Nf3 Bg4 7. Be3 e6 8. Qb3
Bb4 9. Ne5 Qa5 10. Nxg4 Nxg4 11. cxd5 exd5 12. Be2 Nxe3 13. fxe3 O-O 14. O-O
Rae8 15. Nxd5 Bd6 16. Bf3 Re6 17. Rad1 Qd8 18. g3 Qg5 19. Nf4 Bxf4 20. exf4 Qf6
21. Qc3 Rd6 22. d5 Qxc3 23. bxc3 Na5 24. Rd4 Rc8 25. Rc1 Kf8 26. Ra4 Rc5 27.
Kf2 b6 28. Ke3 Rd7 29. Kd3 Nc6 30. Rc4 Rxc4 31. Kxc4 Ne7 32. Rd1 Nc8 33. Kb5
Nd6+ 34. Kc6 Ke7 35. Bg4 f5 36. Re1+ Kd8 37. Bf3 Nc8 38. Re3 Rc7+ 39. Kb5 Rc5+
40. Kb4 Nd6 41. Kb3 Rb5+ 42. Kc2 Ra5 43. Kb1 Rb5+ 44. Kc1 Ra5 45. Re2 Ra3 46.
Rc2 Nc4 47. Kb1 Kc7 48. Be2 Ne3 49. Rd2 Rxc3 50. d6+ Kd8 51. Kb2 Rc5 52. Kb3
Kd7 53. Bf3 Nc4 54. Rd3 Nxd6 55. g4 Ke7 56. Re3+ Kf7 57. Rd3 Ke7 58. Re3+ Kf8
59. Rd3 fxg4 60. Bxg4 Ne8 61. Rd8 Rc7 62. Bh5 g6 63. Be2 Ke7 64. Rd4 Nd6 65.
Bd3 Rc5 66. Be2 Nf5 67. Re4+ Kf6 68. Bc4 b5 1/2-1/2

[Event "Amsterdam Chess Tournament 2005"]
[Site "Amsterdam NED"]
[Date "2005.07.22"]
[Round "7.41"]
[White "Timman, Anton P"]
[Black "Spence, David"]
[Result "1/2-1/2"]
[WhiteElo "2335"]
[BlackElo "2218"]
[PlyCount "32"]
[EventDate "2005.07.16"]
[EventType "tourn"]
[EventRounds "9"]
[EventCountry "NED"]
[Source "lmi"]
[SourceDate "2005.07.25"]

1. e4 e6 2. d4 d5 3. Nc3 dxe4 4. Nxe4 Bd7 5. Nf3 Bc6 6. Bd3 Nd7 7. Qe2 Ngf6 8.
Nxf6+ Qxf6 9. Be4 Bxe4 10. Qxe4 c6 11. Bg5 Qg6 12. Qxg6 hxg6 13. O-O-O Be7 14.
h4 Bf6 15. g3 O-O-O 16. Rhe1 Rhe8 1/2-1/2

[Event "Amsterdam Chess Tournament 2005"]
[Site "Amsterdam NED"]
[Date "2005.07.22"]
[Round "7.42"]
[White "Van der Plas, Rob"]
[Black "Bakker, Sven"]
[Result "0-1"]
[WhiteElo "2209"]
[BlackElo "2300"]
[PlyCount "102"]
[EventDate "2005.07.16"]
[EventType "tourn"]
[EventRounds "9"]
[EventCountry "NED"]
[Source "lmi"]
[SourceDate "2005.07.25"]

1. d4 Nf6 2. c4 e6 3. Nc3 Bb4 4. Bg5 c5 5. d5 h6 6. Bh4 Bxc3+ 7. bxc3 d6 8. e3
e5 9. Bd3 e4 10. Bc2 g5 11. Bg3 Qe7 12. h4 Rg8 13. hxg5 hxg5 14. Ne2 Nbd7 15.
Qb1 Kf8 16. a4 Kg7 17. Kd2 Nb6 18. Qb3 Rb8 19. a5 Nbd7 20. Qb1 Ne5 21. Bxe5
Qxe5 22. Ng3 Bf5 23. Nxf5+ Qxf5 24. f3 Rge8 25. Qf1 Rh8 26. Rxh8 Rxh8 27. Rb1
Qe5 28. Qf2 exf3 29. Qxf3 Rh4 30. Bd3 Qe7 31. Rf1 Ng4 32. Qg3 Ne5 33. e4 Nxd3
34. Qxd3 Qxe4 35. Qxe4 Rxe4 36. Rb1 Re7 37. g4 Kg6 38. Rf1 f6 39. Kd3 Rf7 40.
Ke4 f5+ 41. gxf5+ Kf6 42. Rf2 Re7+ 43. Kd3 Rh7 44. Rf1 Rh3+ 45. Kd2 g4 46. Rb1
Rh7 47. Rf1 Rg7 48. Ke3 g3 49. Kf4 g2 50. Rg1 Rg8 51. Ke4 Rg4+ 0-1

[Event "Amsterdam Chess Tournament 2005"]
[Site "Amsterdam NED"]
[Date "2005.07.22"]
[Round "7.43"]
[White "Pruijssers, Roeland"]
[Black "De Saegher, Chris"]
[Result "1/2-1/2"]
[WhiteElo "2261"]
[BlackElo "2187"]
[PlyCount "55"]
[EventDate "2005.07.16"]
[EventType "tourn"]
[EventRounds "9"]
[EventCountry "NED"]
[Source "lmi"]
[SourceDate "2005.07.25"]

1. e4 c6 2. d4 d5 3. Nc3 dxe4 4. Nxe4 Bf5 5. Ng3 Bg6 6. h4 h6 7. Nf3 Nd7 8. h5
Bh7 9. Bd3 Bxd3 10. Qxd3 e6 11. Bf4 Bb4+ 12. c3 Be7 13. O-O-O Ngf6 14. Kb1 O-O
15. Ne4 Nxe4 16. Qxe4 Nf6 17. Qe2 Qd5 18. Ne5 Qe4+ 19. Qxe4 Nxe4 20. Rhe1 Nxf2
21. Rd2 Bh4 22. Nf3 Nh3 23. gxh3 Bxe1 24. Nxe1 Rad8 25. Nd3 Rd5 26. Kc2 Rxh5
27. Nf2 Rd8 28. Rd3 1/2-1/2

[Event "Amsterdam Chess Tournament 2005"]
[Site "Amsterdam NED"]
[Date "2005.07.22"]
[Round "7.44"]
[White "Bitalzadeh, Ali"]
[Black "Visser, Henk-Jan"]
[Result "1-0"]
[WhiteElo "2317"]
[BlackElo "2221"]
[PlyCount "110"]
[EventDate "2005.07.16"]
[EventType "tourn"]
[EventRounds "9"]
[EventCountry "NED"]
[Source "lmi"]
[SourceDate "2005.07.25"]

1. e4 c5 2. Nf3 d6 3. d4 cxd4 4. Nxd4 Nf6 5. Nc3 a6 6. Be3 e5 7. Nb3 Be6 8. f3
Nbd7 9. g4 Be7 10. g5 Nh5 11. Qd2 h6 12. Rg1 hxg5 13. Bxg5 Bxg5 14. Rxg5 Nf4
15. Rg3 Qh4 16. O-O-O Qxh2 17. Qxh2 Rxh2 18. Rxg7 Ke7 19. Na5 Ng6 20. Bc4 Nc5
21. b4 b5 22. bxc5 bxc4 23. cxd6+ Kf6 24. Rxg6+ fxg6 25. Nb7 Rh7 26. Nc5 Rd8
27. Kb2 Rb8+ 28. Ka3 Rd8 29. Nd5+ Bxd5 30. Rxd5 Rh3 31. Kb4 Rxf3 32. d7 Rf1 33.
Kxc4 Re1 34. Nb7 Rxe4+ 35. Kd3 Rxd7 36. Rxd7 Ra4 37. Nc5 Rxa2 38. Ne4+ Kf5 39.
Rf7+ Kg4 40. Rf6 g5 41. Rf1 Ra4 42. c3 a5 43. Rg1+ Kf4 44. Nxg5 e4+ 45. Kc2
Ra2+ 46. Kb3 Rd2 47. Ne6+ Kf3 48. Nd4+ Kf2 49. Ra1 e3 50. Rxa5 Kg3 51. Rf5 Rf2
52. Re5 Kf4 53. Re8 Rh2 54. c4 Rh1 55. c5 Rc1 1-0

[Event "Amsterdam Chess Tournament 2005"]
[Site "Amsterdam NED"]
[Date "2005.07.22"]
[Round "7.45"]
[White "Koehler, Aran"]
[Black "Narings, Niek"]
[Result "1-0"]
[WhiteElo "2223"]
[BlackElo "2263"]
[PlyCount "99"]
[EventDate "2005.07.16"]
[EventType "tourn"]
[EventRounds "9"]
[EventCountry "NED"]
[Source "lmi"]
[SourceDate "2005.07.25"]

1. e4 e5 2. Bc4 Nf6 3. d3 c6 4. f4 d5 5. exd5 e4 6. dxe4 Nxe4 7. Qe2 cxd5 8.
Bb5+ Nc6 9. Nf3 Bc5 10. Be3 Qb6 11. Nc3 Nxc3 12. Bxc5+ Nxe2 13. Bxb6 Nxf4 14.
Bc7 Ne6 15. Bd6 a6 16. Ba4 b5 17. Bb3 Bb7 18. O-O-O O-O-O 19. Bg3 Na5 20. Ne5
Rhf8 21. Rhe1 Nxb3+ 22. cxb3 d4 23. Nxf7 Rxf7 24. Rxe6 Bxg2 25. Rxa6 Kb7 26.
Rd6 Rc7+ 27. Kd2 Rxd6 28. Bxd6 Rd7 29. Be5 Be4 30. Rg1 Bg6 31. a4 Kc6 32. Rg5
b4 33. h4 d3 34. Bxg7 Re7 35. Be5 Rf7 36. Bd4 Rf1 37. Rc5+ Kd6 38. h5 Be4 39.
Rb5 Rh1 40. Bc5+ Kc6 41. Bxb4 Rh3 42. Rc5+ Kb7 43. Re5 Bf3 44. Kxd3 Bxh5+ 45.
Kc4 Bf7+ 46. Kb5 Bxb3 47. a5 Bc2 48. a6+ Kb8 49. Bd6+ Kc8 50. Rc5+ 1-0

[Event "Amsterdam Chess Tournament 2005"]
[Site "Amsterdam NED"]
[Date "2005.07.22"]
[Round "7.46"]
[White "Doggers, Peter"]
[Black "Hansen, Kay"]
[Result "1-0"]
[WhiteElo "2249"]
[BlackElo "2205"]
[PlyCount "39"]
[EventDate "2005.07.16"]
[EventType "tourn"]
[EventRounds "9"]
[EventCountry "NED"]
[Source "lmi"]
[SourceDate "2005.07.25"]

1. e4 c6 2. d4 d5 3. exd5 cxd5 4. c4 Nf6 5. Nc3 Nc6 6. Bg5 dxc4 7. d5 Ne5 8.
Qd4 Nd3+ 9. Bxd3 cxd3 10. Nf3 Qb6 11. Qxd3 g6 12. O-O Bg7 13. Rfe1 O-O 14. Rxe7
Qxb2 15. Rae1 Bf5 16. Qd2 Qxd2 17. Bxd2 Rfd8 18. h3 Nxd5 19. Nxd5 Rxd5 20. Re8+
1-0

[Event "Amsterdam Chess Tournament 2005"]
[Site "Amsterdam NED"]
[Date "2005.07.22"]
[Round "7.47"]
[White "Van Gool, Henk"]
[Black "Drost, Peter"]
[Result "1/2-1/2"]
[WhiteElo "2242"]
[BlackElo "2203"]
[PlyCount "90"]
[EventDate "2005.07.16"]
[EventType "tourn"]
[EventRounds "9"]
[EventCountry "NED"]
[Source "lmi"]
[SourceDate "2005.07.25"]

1. e4 c5 2. Nf3 Nc6 3. d4 cxd4 4. Nxd4 Nf6 5. Nc3 d6 6. Be2 e5 7. Nb3 Be7 8.
O-O O-O 9. Be3 a5 10. a3 Be6 11. Nc1 d5 12. exd5 Nxd5 13. Nxd5 Bxd5 14. Nd3 Rc8
15. c3 Bg5 16. Qd2 Bf6 17. Nc5 b6 18. Na4 Rb8 19. Bxb6 Qd7 20. Bc5 Rfd8 21.
Rad1 Qf5 22. Qe3 Bg5 23. Qh3 Qxh3 24. gxh3 Bb3 25. Rxd8+ Rxd8 26. Nb6 Rd2 27.
Re1 Rxb2 28. Bf3 Nd8 29. Rxe5 Ne6 30. Be3 Bxe3 31. fxe3 h6 32. Rxa5 Ng5 33. Bg2
Be6 34. Nd5 Nxh3+ 35. Bxh3 Bxh3 36. Nf4 Bd7 37. h4 Rc2 38. Rd5 Bg4 39. Rd8+ Kh7
40. Nd5 Bf3 41. Nb4 Rxc3 42. Kf2 Be4 43. Rd4 f5 44. a4 Kg6 45. Nd5 Bxd5 1/2-1/2

[Event "Amsterdam Chess Tournament 2005"]
[Site "Amsterdam NED"]
[Date "2005.07.22"]
[Round "7.49"]
[White "Bensdorp, Marlies"]
[Black "Overeem, Marc"]
[Result "0-1"]
[WhiteElo "2225"]
[BlackElo "2199"]
[PlyCount "104"]
[EventDate "2005.07.16"]
[EventType "tourn"]
[EventRounds "9"]
[EventCountry "NED"]
[Source "lmi"]
[SourceDate "2005.07.25"]

1. d4 d5 2. c4 e6 3. Nf3 Nf6 4. Nc3 Be7 5. cxd5 exd5 6. Bg5 c6 7. Qc2 g6 8. e3
Bf5 9. Bd3 Bxd3 10. Qxd3 Nbd7 11. O-O O-O 12. h3 Re8 13. Bf4 Bf8 14. Nd2 Nb6
15. Rac1 Bd6 16. Bxd6 Qxd6 17. a3 a5 18. Rfe1 Red8 19. Qe2 Kg7 20. Qf3 a4 21.
Rcd1 Re8 22. e4 dxe4 23. Ndxe4 Nxe4 24. Nxe4 Qd8 25. Re2 Nd5 26. Rde1 Re6 27.
Qg3 Qb8 28. Qxb8 Rxb8 29. Nc5 Rxe2 30. Rxe2 b5 31. g3 Nb6 32. Na6 Rd8 33. Nb4
Rd6 34. Kf1 Nc4 35. Ke1 Kf6 36. h4 h5 37. f3 Kf5 38. Kf2 f6 39. Nc2 g5 40. hxg5
fxg5 41. Nb4 h4 42. Kg2 Rxd4 43. Nxc6 Rd3 44. Kh3 hxg3 45. Kxg3 g4 46. Rf2 Nd2
47. Kg2 gxf3+ 48. Kh2 Kf4 49. Nb4 Rd8 50. Kg1 Ne4 51. Rc2 Rd1+ 52. Kh2 f2 0-1

[Event "Amsterdam Chess Tournament 2005"]
[Site "Amsterdam NED"]
[Date "2005.07.22"]
[Round "7.50"]
[White "Odink, Karel"]
[Black "Blanchard, Jack"]
[Result "1-0"]
[WhiteElo "2198"]
[BlackElo "2219"]
[PlyCount "81"]
[EventDate "2005.07.16"]
[EventType "tourn"]
[EventRounds "9"]
[EventCountry "NED"]
[Source "lmi"]
[SourceDate "2005.07.25"]

1. d4 d5 2. c4 c6 3. Nf3 Be6 4. Nc3 Nf6 5. Qc2 g6 6. e4 dxe4 7. Nxe4 Nxe4 8.
Qxe4 Bg7 9. Bd2 Nd7 10. Bc3 O-O 11. Be2 Nf6 12. Qf4 a5 13. O-O a4 14. Rad1 Qb6
15. Rfe1 Rfe8 16. h3 Rad8 17. Bf1 Qa7 18. g4 Qa8 19. a3 Qa7 20. Qc1 Qb6 21. Bb4
Qc7 22. Bg2 Bf8 23. Ng5 Bc8 24. Qc2 Bd7 25. Nf3 Ra8 26. Re5 Be6 27. Qe2 h6 28.
d5 cxd5 29. cxd5 Nxd5 30. Rexd5 Bxd5 31. Rxd5 Rad8 32. Rxd8 Rxd8 33. Bc3 Bg7
34. Ne5 Rd6 35. Qf3 Bxe5 36. Bxe5 Qc1+ 37. Kh2 Rd7 38. h4 Qc5 39. Bc3 Qb5 40.
Qe4 Qc5 41. Qxa4 1-0

[Event "Amsterdam Chess Tournament 2005"]
[Site "Amsterdam NED"]
[Date "2005.07.23"]
[Round "8.2"]
[White "Avrukh, Boris"]
[Black "Eljanov, Pavel"]
[Result "1/2-1/2"]
[WhiteElo "2652"]
[BlackElo "2639"]
[PlyCount "130"]
[EventDate "2005.07.16"]
[EventType "tourn"]
[EventRounds "9"]
[EventCountry "NED"]
[Source "lmi"]
[SourceDate "2005.07.25"]

1. d4 Nf6 2. c4 e6 3. g3 d5 4. Nf3 dxc4 5. Bg2 Bb4+ 6. Bd2 a5 7. Nc3 O-O 8. O-O
Bd7 9. Ne5 Bc6 10. Nxc6 Nxc6 11. a3 Be7 12. e3 Nd7 13. Rc1 e5 14. Nd5 exd4 15.
exd4 Nxd4 16. Rxc4 c5 17. Bf4 Ra6 18. Bc7 Qe8 19. Re1 Re6 20. Bxa5 Bd8 21. Bd2
b5 22. Rxd4 cxd4 23. Rf1 f5 24. Bb4 Rf7 25. Nf4 Re4 26. Bxe4 fxe4 27. Qxd4 Bb6
28. Qd5 Nf6 29. Qe6 Qxe6 30. Nxe6 Rd7 31. Bc5 Bxc5 32. Nxc5 Rd2 33. b4 Re2 34.
Rd1 Ng4 35. Nxe4 Rxe4 36. f3 Re3 37. fxg4 Rxa3 38. Rd5 Ra2 39. Rxb5 Kf7 40.
Rb7+ Kg6 41. h3 h6 42. Rb6+ Kg5 43. Rb5+ Kg6 44. Rb7 Kf6 45. b5 Ra1+ 46. Kf2
Ra2+ 47. Ke3 Ra3+ 48. Kd4 Rxg3 49. b6 Rxh3 50. Rd7 Rh1 51. b7 Rd1+ 52. Kc5 Rxd7
53. b8=Q Kf7 54. Kc6 Re7 55. Qb3+ Kf8 56. Kd6 Re8 57. Qc4 Re7 58. Qc5 Kf7 59.
Qd5+ Kf8 60. Qf3+ Ke8 61. Qf5 Re1 62. Qf4 Re7 63. Qc4 Kf8 64. Qc5 Kf7 65. Qc4+
Kf8 1/2-1/2

[Event "Amsterdam Chess Tournament 2005"]
[Site "Amsterdam NED"]
[Date "2005.07.23"]
[Round "8.3"]
[White "Al Modiahki, Mohamad"]
[Black "Timofeev, Artyom"]
[Result "1/2-1/2"]
[WhiteElo "2570"]
[BlackElo "2661"]
[PlyCount "42"]
[EventDate "2005.07.16"]
[EventType "tourn"]
[EventRounds "9"]
[EventCountry "NED"]
[Source "lmi"]
[SourceDate "2005.07.25"]

1. e4 c5 2. Nf3 Nc6 3. Bb5 d6 4. O-O Bd7 5. c3 a6 6. Ba4 Nf6 7. Re1 b5 8. Bc2
e5 9. h3 g6 10. d4 Bg7 11. dxc5 dxc5 12. Be3 Qe7 13. Nbd2 O-O 14. Nb3 c4 15.
Bc5 Qd8 16. Nbd2 Re8 17. b3 cxb3 18. axb3 Bf8 19. Be3 h6 20. b4 a5 21. bxa5
Nxa5 1/2-1/2

[Event "Amsterdam Chess Tournament 2005"]
[Site "Amsterdam NED"]
[Date "2005.07.23"]
[Round "8.6"]
[White "Ernst, Sipke"]
[Black "Khenkin, Igor"]
[Result "1/2-1/2"]
[WhiteElo "2457"]
[BlackElo "2610"]
[PlyCount "22"]
[EventDate "2005.07.16"]
[EventType "tourn"]
[EventRounds "9"]
[EventCountry "NED"]
[Source "lmi"]
[SourceDate "2005.07.25"]

1. d4 d5 2. c4 e6 3. Nf3 Nf6 4. e3 c5 5. Nc3 Nc6 6. a3 cxd4 7. exd4 Be7 8. Bd3
dxc4 9. Bxc4 O-O 10. O-O b6 11. d5 Na5 1/2-1/2

[Event "Amsterdam Chess Tournament 2005"]
[Site "Amsterdam NED"]
[Date "2005.07.23"]
[Round "8.7"]
[White "Erenburg, Sergey"]
[Black "Rogers, Ian"]
[Result "1/2-1/2"]
[WhiteElo "2595"]
[BlackElo "2569"]
[PlyCount "84"]
[EventDate "2005.07.16"]
[EventType "tourn"]
[EventRounds "9"]
[EventCountry "NED"]
[Source "lmi"]
[SourceDate "2005.07.25"]

1. e4 c5 2. Nf3 Nc6 3. d4 cxd4 4. Nxd4 Nf6 5. Nc3 e5 6. Ndb5 d6 7. Bg5 a6 8.
Na3 b5 9. Bxf6 gxf6 10. Nd5 f5 11. Bd3 Be6 12. O-O Bxd5 13. exd5 Ne7 14. Nxb5
Bg7 15. Nc3 e4 16. Bc4 Ng6 17. Qh5 Bxc3 18. bxc3 Qf6 19. Qh6 Rg8 20. Rae1 Qxc3
21. Bb3 Qg7 22. Qxg7 Rxg7 23. f3 Kf8 24. fxe4 f4 25. Bc4 Ke7 26. Rb1 Kf6 27.
Rb6 Ke5 28. Bxa6 Nh4 29. Rf2 Rag8 30. Bf1 Nxg2 31. Rxg2 Rxg2+ 32. Bxg2 f3 33.
Kf2 Rxg2+ 34. Kxf3 Rxc2 35. Rb7 Rc3+ 36. Kg4 Kxe4 37. Rxf7 h5+ 38. Kxh5 Rh3+
39. Kg6 Rxh2 40. a4 Kxd5 41. a5 Ra2 42. Ra7 Kc6 1/2-1/2

[Event "Amsterdam Chess Tournament 2005"]
[Site "Amsterdam NED"]
[Date "2005.07.23"]
[Round "8.10"]
[White "Smeets, Jan"]
[Black "D'Costa, Lorin"]
[Result "1-0"]
[WhiteElo "2537"]
[BlackElo "2352"]
[PlyCount "70"]
[EventDate "2005.07.16"]
[EventType "tourn"]
[EventRounds "9"]
[EventCountry "NED"]
[Source "lmi"]
[SourceDate "2005.07.25"]

1. e4 e6 2. d4 d5 3. Nc3 dxe4 4. Nxe4 Bd7 5. Nf3 Bc6 6. Bd3 Nd7 7. O-O Ngf6 8.
Ned2 b6 9. Qe2 Be7 10. a4 a5 11. Bb5 Bxb5 12. axb5 Qc8 13. Ne5 O-O 14. Nc6 Re8
15. Nf3 Bf8 16. Re1 Nb8 17. c4 Nxc6 18. bxc6 Qd8 19. Bf4 Bb4 20. Red1 Qe7 21.
Ne5 Red8 22. Rd3 Ne8 23. Nd7 Bd6 24. Be5 f6 25. Bg3 Bxg3 26. hxg3 Nd6 27. Re3
Re8 28. g4 Nf7 29. Re1 Nd8 30. d5 Qd6 31. g5 fxg5 32. Qh5 Re7 33. Rf3 Nf7 34.
Rxe6 Qb4 35. d6 g6 1-0

[Event "Amsterdam Chess Tournament 2005"]
[Site "Amsterdam NED"]
[Date "2005.07.23"]
[Round "8.11"]
[White "Holzke, Frank"]
[Black "Stellwagen, Daniel"]
[Result "0-1"]
[WhiteElo "2478"]
[BlackElo "2533"]
[PlyCount "108"]
[EventDate "2005.07.16"]
[EventType "tourn"]
[EventRounds "9"]
[EventCountry "NED"]
[Source "lmi"]
[SourceDate "2005.07.25"]

1. e4 e6 2. d4 d5 3. Nd2 Nf6 4. e5 Nfd7 5. Bd3 c5 6. c3 Nc6 7. Ne2 cxd4 8. cxd4
f6 9. exf6 Nxf6 10. O-O Bd6 11. Nf3 Qc7 12. Bg5 O-O 13. Rc1 Nh5 14. Ng3 Nf4 15.
Bb1 Bd7 16. Qc2 Ng6 17. Qe2 Nf4 18. Qc2 g6 19. Bh6 Nh3+ 20. Kh1 Rxf3 21. gxf3
Qd8 22. Qb3 Rb8 23. Rcd1 Qh4 24. Be3 Na5 25. Qc3 Nc4 26. b3 Nb6 27. Bd3 Rf8 28.
Be2 Nc8 29. f4 Nxf4 30. Bxf4 Bxf4 31. Rg1 Nd6 32. Rg2 Bc6 33. Qf3 Ne4 34. Qg4
Qxg4 35. Bxg4 Bxg3 36. Bxe6+ Kg7 37. fxg3 Nf2+ 38. Rxf2 Rxf2 39. a4 Re2 40. Bc8
Re8 41. Bh3 Re3 42. b4 Bxa4 43. Rc1 Kf6 44. Kg1 Rb3 45. Rf1+ Ke7 46. Re1+ Kd8
47. Be6 Bc6 48. Bg8 Rxb4 49. Bxh7 Be8 50. Re6 Bf7 51. Re5 Rxd4 52. h4 Rc4 53.
Rg5 Rc6 54. Kf2 Ke7 0-1